Scotland National Football Team - Statistics

General Stats
  • This quiz has been taken 159 times
    41 since last reset
  • The average score is 7 of 19
Answer Stats
Goals Caps Player % Correct
30 102 Kenny Dalglish
89%
14 67 Scott McTominay
77%
4 90 Andrew Robertson
71%
30 55 Denis Law
69%
20 83 John McGinn
63%
19 61 Ally McCoist
46%
0 83 Craig Gordon
46%
5 80 Darren Fletcher
37%
18 69 Kenny Miller
34%
14 48 James McFadden
31%
0 91 Jim Leighton
31%
0 77 Alex McLeish
23%
14 38 Mo Johnston
20%
9 76 Paul McStay
17%
23 20 Hughie Gallacher
11%
1 72 Tom Boyd
11%
1 69 David Weir
9%
23 38 Lawrie Reilly
6%
15 11 Robert Hamilton
3%
No matching quizzes found
Score Distribution
Percent of People with Each Score
Percentile by Number Answered
Your Score History
You have not taken this quiz since the last reset